=LDR 00000nam 2200000 4500 =001 INLIS000000000037295 =005 20200219043813 =035 ##$$a 0010-061300000037295 =008 200219################g##########0#ind## =041 ##$$a Ind =100 ##$$a Puspasari, Amaryllia =245 1#$$a Fat book rich in thin fat life : $b Mendapatkan berat badan melalui pengendalian emosi /$c Amaryllia Puspasari =260 ##$$a Jakarta :$b PT. Elex Media Komputindo,$c 2010 =300 ##$$a xiii, 256 hlm. : $b ilus. ; $c 14 x 21 cm =650 #4$$a Obesitas =850 ##$$a NBPNMAT =020 ##$$a 978-979-27-8113-7 =082 ##$$a 152.4 =084 ##$$a 152.4 PUS f =500 ##$$a Bibliografi : hlm.255-256 =990 ##$$a 21107934 =990 ##$$a 21107935 =990 ##$$a 21107933 =990 ##$$a 0001/BPAP-NTB/2016 =990 ##$$a 0001/BPAP-NTB/2016 =990 ##$$a 21107934 =990 ##$$a 21107935 =990 ##$$a 21107933